<?xml version="1.0" encoding="UTF-8"?><?xml-stylesheet type="text/xsl" href="static/style.xsl"?><OAI-PMH xmlns="http://www.openarchives.org/OAI/2.0/" xmlns:xsi="http://www.w3.org/2001/XMLSchema-instance" xsi:schemaLocation="http://www.openarchives.org/OAI/2.0/ http://www.openarchives.org/OAI/2.0/OAI-PMH.xsd"><responseDate>2026-04-29T04:00:30Z</responseDate><request verb="GetRecord" identifier="oai:repisalud.isciii.es:20.500.12105/12190" metadataPrefix="marc">https://repisalud.isciii.es/rest/oai/request</request><GetRecord><record><header><identifier>oai:repisalud.isciii.es:20.500.12105/12190</identifier><datestamp>2024-09-27T18:38:29Z</datestamp><setSpec>com_20.500.12105_2052</setSpec><setSpec>com_20.500.12105_2051</setSpec><setSpec>col_20.500.12105_19608</setSpec></header><metadata><record xmlns="http://www.loc.gov/MARC21/slim" xmlns:dcterms="http://purl.org/dc/terms/" xmlns:doc="http://www.lyncode.com/xoai" xmlns:xsi="http://www.w3.org/2001/XMLSchema-instance" xsi:schemaLocation="http://www.loc.gov/MARC21/slim http://www.loc.gov/standards/marcxml/schema/MARC21slim.xsd">
   <leader>00925njm 22002777a 4500</leader>
   <datafield ind2=" " ind1=" " tag="042">
      <subfield code="a">dc</subfield>
   </datafield>
   <datafield ind2=" " ind1=" " tag="720">
      <subfield code="a">Luque Fernandez, Miguel Angel</subfield>
      <subfield code="e">author</subfield>
   </datafield>
   <datafield ind2=" " ind1=" " tag="720">
      <subfield code="a">Bueno-Cavanillas, Aurora</subfield>
      <subfield code="e">author</subfield>
   </datafield>
   <datafield ind2=" " ind1=" " tag="260">
      <subfield code="c">2009-12</subfield>
   </datafield>
   <datafield ind2=" " ind1=" " tag="520">
      <subfield code="a">[ES]  Objetivos: Conocer la evolución y la tendencia de la fecundidad en España, así como averiguar si las tasas específicas de fecundidad durante 1996–2006 difieren en función de la edad y la nacionalidad de las mujeres.&#xd;
Métodos: Estudio transversal de base poblacional. Las tasas de fecundidad se han comparado mediante una estandarización directa; la fecundidad de las mujeres extranjeras frente a la de las españolas, en función de la edad; y el periodo en estudio se ha comparado mediante un modelo lineal generalizado. La tendencia de la serie en función de la nacionalidad se ha descrito mediante gráficos temporales a los cuales se han ajustado modelos de regresión lineal simple.&#xd;
Resultados: Las mujeres extranjeras han tenido más hijos y a edades más tempranas (índice sintético de fecundidad: 2 frente a 1,2). La creciente tendencia observada en la fecundidad de las mujeres españolas (p&lt;0,001) se debe sobre todo al aumento de la fecundidad en edades avanzadas (⩾35 años). La fecundidad de las mujeres extranjeras frente a las españolas de ⩽19 años es seis veces superior (razón de tasas: 6,00; intervalo de confianza del 95%: 2,60–13,86).&#xd;
Conclusiones: El patrón de fecundidad de las mujeres extranjeras es diferente al de las españolas, caracterizado fundamentalmente por una mayor fecundidad, muy acentuada para el grupo de mujeres de ⩽19 años. Este patrón puede estar asociado a diferencias sociales y culturales. Sería deseable reorientar las políticas de prevención y educación sexual para tener en cuenta las especificidades socioculturales de este grupo de mujeres, y adecuar culturalmente los mensajes de prevención.&#xd;
[EN] To determine fertility trends in Spain and whether women's specific fertility rates differ by age and nationality during the period 1996-2006. We performed a population-based, cross-sectional study. Direct standardization was used to compare fertility rates by nationality. Foreign versus Spanish women's fertility rates by age and the period under review were compared by a generalized linear model. The trend by nationality was described by time plots and was analyzed by simple linear regression models. Foreign women had more children (total fertility rate: 2 versus 1.2) and at younger age. The upward trend observed in the fertility of Spanish women (p&lt;0.001) was primarily due to increased fertility in older mothers (35 years and older). The fertility of foreign women aged &lt; or =19 was six times higher than that of Spanish women (rate ratio: 6.00, 95% CI: 2.60-13.86). The fertility pattern of foreign women differs from that of Spanish women and is mainly characterized by higher fertility, especially in younger women (&lt; or =19 years). This pattern may be associated with social and cultural differences. Prevention and sexual educational policies should be reformulated to take into account the specific sociocultural characteristics of this group and to adapt prevention messages to their cultural context.</subfield>
   </datafield>
   <datafield ind1="8" ind2=" " tag="024">
      <subfield code="a">Gac Sanit. 2009 Dec;23 Suppl 1:67-71</subfield>
   </datafield>
   <datafield ind1="8" ind2=" " tag="024">
      <subfield code="a">http://hdl.handle.net/20.500.12105/12190</subfield>
   </datafield>
   <datafield ind1="8" ind2=" " tag="024">
      <subfield code="a">19464084</subfield>
   </datafield>
   <datafield ind1="8" ind2=" " tag="024">
      <subfield code="a">10.1016/j.gaceta.2009.03.004</subfield>
   </datafield>
   <datafield ind1="8" ind2=" " tag="024">
      <subfield code="a">1578-1283</subfield>
   </datafield>
   <datafield ind1="8" ind2=" " tag="024">
      <subfield code="a">Gaceta sanitaria</subfield>
   </datafield>
   <datafield tag="653" ind2=" " ind1=" ">
      <subfield code="a">Dinámica de población</subfield>
   </datafield>
   <datafield tag="653" ind2=" " ind1=" ">
      <subfield code="a">Tendencias</subfield>
   </datafield>
   <datafield tag="653" ind2=" " ind1=" ">
      <subfield code="a">Epidemiología</subfield>
   </datafield>
   <datafield tag="653" ind2=" " ind1=" ">
      <subfield code="a">Embarazo en adolescencia</subfield>
   </datafield>
   <datafield tag="653" ind2=" " ind1=" ">
      <subfield code="a">Population dynamics</subfield>
   </datafield>
   <datafield tag="653" ind2=" " ind1=" ">
      <subfield code="a">Trends</subfield>
   </datafield>
   <datafield tag="653" ind2=" " ind1=" ">
      <subfield code="a">Epidemiology</subfield>
   </datafield>
   <datafield tag="653" ind2=" " ind1=" ">
      <subfield code="a">Pregnancy in adolescence</subfield>
   </datafield>
   <datafield ind2="0" ind1="0" tag="245">
      <subfield code="a">La fecundidad en España, 1996–2006: mujeres de nacionalidad extranjera frente a españolas</subfield>
   </datafield>
</record></metadata></record></GetRecord></OAI-PMH>